000
00364nam a2200133Ia 4500
008
100328s9999 xx 000 0 und d
082
_b
72740
100
_a
कुंटे जगन्नाथ.
245
_a
कालिंदी
260
_b
प्राजक्त.
630
_a
कालिंदी
730
_a
कालिंदी
942
_c
BOOK
999
_c
558461
_d
558458